[Event "4NCL Online Division 4"]
[Site "online"]
[Date "2021.11.02"]
[EventDate "2021.11.02"]
[Round "6.11"]
[White "Carpenter, Martin"]
[WhiteElo "2043"]
[WhiteTeam "Eagle and Child"]
[Black "Amos, Michael"]
[BlackElo "1877"]
[BlackTeam "Farnham B"]
[Result "0-1"]
[PlyCount "98"]

1. e4 d5 2. exd5 Nf6 3. d4 Bg4 4. Be2 Bxe2 5. Qxe2 Qxd5 6. Nf3 Nc6 7. Nc3 Qd7 8. Be3 e6 9. Ne5 Nxe5 10. dxe5 Nd5 11. Ne4 Qa4 12. Bg5 Be7 13. O-O O-O 14. c4 Bxg5 15. cxd5 Bh6 16. dxe6 fxe6 17. g3 Rad8 18. f4 Rd4 19. Nc5 Qc6 20. Rac1 Rfd8 21. Nb3 Re4 22. Qf2 Qb6 23. Qxb6 cxb6 24. Rfe1 Rxe1+ 25. Rxe1 g5 26. fxg5 Bxg5 27. Re4 Kf7 28. Kf2 Rc8 29. Nd4 Rc4 30. b3 Rc3 31. h4 Bh6 32. g4 Bg7 33. g5 a6 34. h5 Ke7 35. h6 Bh8 36. Nf3 b5 37. Kg3 Rc2 38. a4 bxa4 39. bxa4 b5 40. axb5 axb5 41. Nh4 Rc3+ 42. Kf4 Kf7 43. Nf3 Kg6 44. Nd4 b4 45. Nxe6 b3 46. Rb4 Rh3 47. Nd4 Rh4+ 48. Kg3 Rxd4 49. Rxd4 Bxe5+ 0-1

[Event "4NCL Online Division 4"]
[Site "online"]
[Date "2021.11.02"]
[EventDate "2021.11.02"]
[Round "6.12"]
[White "Cooper, Malcolm H"]
[WhiteElo "1796"]
[WhiteTeam "Farnham B"]
[Black "Herman, Thomas"]
[BlackElo "1832"]
[BlackTeam "Eagle and Child"]
[Result "0-1"]
[PlyCount "90"]

1. d4 Nf6 2. c4 e6 3. Nc3 Bb4 4. Qc2 c5 5. dxc5 Bxc5 6. Bg5 O-O 7. Nf3 Nc6 8. a3 a5 9. e3 h6 10. Bxf6 Qxf6 11. Bd3 b6 12. O-O Bb7 13. Ne4 Qe7 14. Rfd1 Rfd8 15. Nc3 d6 16. Rac1 Rd7 17. Be2 Rad8 18. Nd4 Ne5 19. e4 Ng6 20. g3 Qf6 21. Qd2 Ne7 22. Nf3 g5 23. Qe1 Qg7 24. Bf1 f5 25. Bg2 Qf6 26. exf5 Nxf5 27. Ne4 Qe7 28. Rd2 d5 29. cxd5 exd5 30. Nxc5 Qxe1+ 31. Nxe1 bxc5 32. Rxc5 a4 33. Nc2 Kf7 34. Nb4 Ke6 35. Nc2 Kf6 36. Nd4 Nxd4 37. Rxd4 Re7 38. Bxd5 Red7 39. Bxb7 Rxd4 40. Kg2 Rd2 41. Rc4 Rxb2 42. Bf3 Rdd2 43. Kh3 Rxf2 44. Bc6 h5 45. g4 h4 0-1

[Event "4NCL Online Division 4"]
[Site "online"]
[Date "2021.11.02"]
[EventDate "2021.11.02"]
[Round "6.13"]
[White "Weber, Simon"]
[WhiteElo "1685"]
[WhiteTeam "Eagle and Child"]
[Black "Frostick, Helen M"]
[BlackElo "1707"]
[BlackTeam "Farnham B"]
[Result "1-0"]
[PlyCount "61"]

1. c4 e5 2. Nc3 Nf6 3. g3 d5 4. cxd5 Nxd5 5. Bg2 Nb6 6. e3 Nc6 7. Nge2 Bd6 8. O-O O-O 9. d4 exd4 10. Nxd4 Nxd4 11. Qxd4 Qe7 12. a3 a5 13. b3 Bc5 14. Qd3 Rd8 15. Qc2 c6 16. Bb2 Be6 17. Ne4 Bd6 18. Nxd6 Rxd6 19. Qc5 Nd7 20. Qc3 Nf6 21. a4 Qd8 22. Bf3 Rd3 23. Rfd1 Rxc3 24. Rxd8+ Rxd8 25. Bxc3 Bxb3 26. Rb1 Bxa4 27. Rxb7 Bb5 28. Bxa5 Ra8 29. Rxb5 cxb5 30. Bxa8 Kf8 31. Bb4+ 1-0

[Event "4NCL Online Division 4"]
[Site "online"]
[Date "2021.11.02"]
[EventDate "2021.11.02"]
[Round "6.14"]
[White "Bourke, Matt"]
[WhiteElo "1558"]
[WhiteTeam "Farnham B"]
[Black "Whitehead, Steve"]
[BlackElo "1760"]
[BlackTeam "Eagle and Child"]
[Result "1-0"]
[PlyCount "73"]

1. e4 d5 2. exd5 Qxd5 3. Nc3 Qd6 4. d4 Nf6 5. Nf3 g6 6. Nb5 Qb6 7. c4 c6 8. Nc3 Bg7 9. Bf4 O-O 10. Rb1 Bg4 11. Be3 Bxf3 12. Qxf3 Qc7 13. Be2 Nbd7 14. O-O Rad8 15. b4 a5 16. b5 c5 17. dxc5 Nxc5 18. b6 Qc8 19. Nb5 Na4 20. Rfc1 Nc5 21. Na7 Qe6 22. Bxc5 Bh6 23. Re1 Rd2 24. Bf1 Qd7 25. Rxe7 Qa4 26. Qxf6 Qc2 27. Ree1 Bg7 28. Qf3 Rfd8 29. Qb3 Qf5 30. Be3 Bd4 31. Nb5 Bxe3 32. Qxe3 Rxa2 33. Rbd1 Rxd1 34. Rxd1 Rb2 35. Rd8+ Kg7 36. Qd4+ Kh6 37. Qxb2 1-0

[Event "4NCL Online Division 4"]
[Site "online"]
[Date "2021.11.02"]
[EventDate "2021.11.02"]
[Round "6.21"]
[White "Kriman, Salim"]
[WhiteElo "2025"]
[WhiteTeam "Hackney Hackers"]
[Black "Smith, Mark"]
[BlackElo "1876"]
[BlackTeam "Wolfpack 1"]
[Result "1-0"]
[PlyCount "65"]

1. d4 e6 2. c4 b6 3. Nf3 Bb7 4. Nc3 Bb4 5. Qb3 a5 6. a3 Bxc3+ 7. Qxc3 f5 8. g3 Nf6 9. Bg2 Be4 10. O-O O-O 11. Bg5 Qe8 12. Rfd1 Qh5 13. h4 d6 14. Bxf6 Rxf6 15. c5 bxc5 16. dxc5 d5 17. b4 f4 18. b5 fxg3 19. fxg3 c6 20. b6 Qg4 21. Kh2 Nd7 22. Rf1 Rg6 23. Qe1 Nxc5 24. Rc1 Nd7 25. Rxc6 Rb8 26. b7 Rf6 27. Ng5 Bxg2 28. Rc8+ Nf8 29. Rxf6 gxf6 30. Rxb8 fxg5 31. Rxf8+ Kg7 32. Kxg2 gxh4 33. Rg8+ 1-0

[Event "4NCL Online Division 4"]
[Site "online"]
[Date "2021.11.02"]
[EventDate "2021.11.02"]
[Round "6.22"]
[White "Collett, Ray A"]
[WhiteElo "1874"]
[WhiteTeam "Wolfpack 1"]
[Black "Levy, Christopher A"]
[BlackElo "1849"]
[BlackTeam "Hackney Hackers"]
[Result "0-1"]
[PlyCount "100"]

1. e4 Nc6 2. Nc3 d6 3. Nf3 Nf6 4. h3 g6 5. d4 e5 6. dxe5 Nxe5 7. Nxe5 dxe5 8. Qxd8+ Kxd8 9. Bg5 Be7 10. O-O-O+ Ke8 11. Bc4 Be6 12. Bb3 h6 13. Be3 Bxb3 14. axb3 Bd6 15. Rhe1 a6 16. g3 Kf8 17. Rd3 Kg7 18. f4 Rhe8 19. Rf1 exf4 20. Bd4 Be5 21. gxf4 Bxd4 22. Rxd4 c5 23. Rc4 b5 24. Rxc5 Nxe4 25. Nxe4 Rxe4 26. Rc7 Re3 27. Rc3 Rae8 28. Rc6 R8e6 29. Rc7 Rxh3 30. f5 Rf6 31. c4 Rxb3 32. Kc2 bxc4 33. Rxc4 Rb5 34. b4 Rbxf5 35. Re1 Rf3 36. Re7 h5 37. Rc8 h4 38. Ree8 Kh6 39. Rc5 h3 40. Rh8+ Kg7 41. Rcc8 Re6 42. Rcg8+ Kf6 43. Rd8 Kg5 44. Rd5+ Kf4 45. Rd4+ Kg3 46. Rhh4 f5 47. Rh8 g5 48. Rd2 g4 49. Rh7 f4 50. Rh8 Rf2 0-1

[Event "4NCL Online Division 4"]
[Site "online"]
[Date "2021.11.02"]
[EventDate "2021.11.02"]
[Round "6.23"]
[White "Conway, Paul Bernard"]
[WhiteElo "1833"]
[WhiteTeam "Hackney Hackers"]
[Black "Pratley, Ian"]
[BlackElo "1703"]
[BlackTeam "Wolfpack 1"]
[Result "1-0"]
[PlyCount "75"]

1. e4 e6 2. d3 d5 3. Nd2 Be7 4. Ngf3 c5 5. g3 Nc6 6. Bg2 dxe4 7. dxe4 Nf6 8. O-O O-O 9. e5 Nd7 10. Re1 Qc7 11. Qe2 b6 12. c3 Bb7 13. Nf1 Rad8 14. Bf4 Rfe8 15. h4 Nf8 16. h5 h6 17. N1h2 Qc8 18. Bf1 f5 19. exf6 Bxf6 20. Ng4 Nh7 21. Bh3 Qa8 22. Nxf6+ Nxf6 23. Bxe6+ Kh8 24. Qc2 Bc8 25. Bf7 Rf8 26. Qg6 Qb7 27. Bb3 Ne7 28. Rxe7 Qxe7 29. Ne5 Qe8 30. Nf7+ Rxf7 31. Bxf7 Qf8 32. Re1 Rd7 33. Bb3 Re7 34. Rd1 Be6 35. Bd6 Ng4 36. f4 Qd8 37. Bxe7 Qxe7 38. Re1 1-0

[Event "4NCL Online Division 4"]
[Site "online"]
[Date "2021.11.02"]
[EventDate "2021.11.02"]
[Round "6.24"]
[White "Gliddon, Daniel J"]
[WhiteElo "1664"]
[WhiteTeam "Wolfpack 1"]
[Black "Figueroa, Edison"]
[BlackElo "1791"]
[BlackTeam "Hackney Hackers"]
[Result "0-1"]
[PlyCount "62"]

1. e4 e5 2. Nf3 d5 3. Qe2 Bd6 4. d4 dxe4 5. Qxe4 Nf6 6. Qe2 e4 7. Bg5 O-O 8. Ne5 c5 9. c3 cxd4 10. cxd4 Bxe5 11. dxe5 Qa5+ 12. Nd2 Qxe5 13. Bxf6 Qxf6 14. Nxe4 Qb6 15. O-O-O Be6 16. Kb1 Nc6 17. Qf3 Qa5 18. Nc3 Rac8 19. a3 Bf5+ 20. Bd3 Bxd3+ 21. Rxd3 Ne5 22. Qd5 Rc5 23. Qd4 Nxd3 24. Qxd3 Rd8 25. Qf3 Qb6 26. h4 h6 27. h5 Rd2 28. Na4 Qb5 29. Qf4 Rcc2 30. Re1 Rxb2+ 31. Kc1 Rbc2# 0-1

[Event "4NCL Online Division 4"]
[Site "online"]
[Date "2021.11.02"]
[EventDate "2021.11.02"]
[Round "6.31"]
[White "Knight, Daniel"]
[WhiteElo "1664"]
[WhiteTeam "Uxbridge Bulldogs"]
[Black "Mann, Lev"]
[BlackElo "1541"]
[BlackTeam "Kent KJCA Kestrels 5"]
[Result "1-0"]
[PlyCount "69"]

1. d4 Nf6 2. Nf3 e6 3. Bg5 d5 4. c4 c5 5. e3 Nc6 6. Nc3 cxd4 7. exd4 Bb4 8. a3 Bxc3+ 9. bxc3 O-O 10. Bd3 dxc4 11. Bxc4 Re8 12. O-O a6 13. Qc2 e5 14. dxe5 Nxe5 15. Nxe5 Rxe5 16. Rad1 Qe7 17. Bf4 Re4 18. Bd6 Qe8 19. Bd3 Ra4 20. Rfe1 Be6 21. Be5 Nd7 22. Bxh7+ Kh8 23. Qxa4 Nxe5 24. Qxe8+ Rxe8 25. Rxe5 Kxh7 26. f4 Rc8 27. Re3 b5 28. Rd6 Ra8 29. Rb6 Kg6 30. g4 Kh7 31. h3 g6 32. Kf2 Kg7 33. Kg3 Kf8 34. Kh4 Ke7 35. f5 1-0

[Event "4NCL Online Division 4"]
[Site "online"]
[Date "2021.11.02"]
[EventDate "2021.11.02"]
[Round "6.32"]
[White "Wang, Luoke"]
[WhiteElo "1497"]
[WhiteTeam "Kent KJCA Kestrels 5"]
[Black "Price, Michael C"]
[BlackElo "1644"]
[BlackTeam "Uxbridge Bulldogs"]
[Result "1-0"]
[PlyCount "121"]

1. d4 d5 2. c4 e6 3. Nf3 Nf6 4. g3 b6 5. cxd5 exd5 6. Bg2 Nbd7 7. O-O Bb7 8. Nc3 Be7 9. Bg5 O-O 10. Ne5 c5 11. Qa4 cxd4 12. Nxd7 Nxd7 13. Bxe7 Qxe7 14. Qxd4 Nf6 15. e3 Rfd8 16. Rac1 Rac8 17. Rfd1 Rc4 18. Qd3 Rc5 19. b3 a6 20. Na4 Rxc1 21. Rxc1 b5 22. Nc5 Bc8 23. Qd4 Qd6 24. b4 Qb6 25. Rd1 a5 26. a3 axb4 27. axb4 h6 28. e4 Re8 29. exd5 Bb7 30. d6 Bxg2 31. Kxg2 Qc6+ 32. Kg1 Nd7 33. Qd5 Qxd5 34. Rxd5 Nf6 35. d7 Rd8 36. Rd4 Kf8 37. Kf1 Ke7 38. Ke2 Nxd7 39. Nxd7 Rxd7 40. Rxd7+ Kxd7 41. Kd3 Kd6 42. Kd4 f5 43. f3 g5 44. g4 fxg4 45. fxg4 Ke6 46. Kc5 Ke5 47. Kxb5 Kf4 48. h3 Kg3 49. Kc6 Kxh3 50. b5 Kxg4 51. b6 h5 52. b7 h4 53. b8=Q h3 54. Qb1 Kg3 55. Qh1 g4 56. Kd5 h2 57. Ke4 Kh3 58. Kf4 g3 59. Kf3 Kh4 60. Qg2 Kh5 61. Kxg3 1-0

[Event "4NCL Online Division 4"]
[Site "online"]
[Date "2021.11.02"]
[EventDate "2021.11.02"]
[Round "6.33"]
[White "Foale, Ron"]
[WhiteElo "1505"]
[WhiteTeam "Uxbridge Bulldogs"]
[Black "Langley, Anthony M"]
[BlackElo "1462"]
[BlackTeam "Kent KJCA Kestrels 5"]
[Result "1/2-1/2"]
[PlyCount "108"]

1. e4 e5 2. Nf3 Nc6 3. Bc4 d6 4. d3 h6 5. a3 a6 6. Be3 b5 7. Ba2 Nf6 8. h3 Bb7 9. c4 Qd7 10. Nc3 bxc4 11. Bxc4 Na7 12. Qb3 c6 13. Na4 Qc7 14. Bb6 Qe7 15. O-O Nc8 16. d4 Nd7 17. dxe5 dxe5 18. Ba5 Rb8 19. Qd3 Qd6 20. Rfd1 Qxd3 21. Rxd3 Nd6 22. Bc7 Nxc4 23. Bxb8 Nxb8 24. Rad1 Be7 25. Rc3 Nd6 26. Nc5 Bc8 27. Nxe5 O-O 28. Rb3 Nb5 29. Na4 Be6 30. Rbd3 a5 31. f4 f6 32. Ng6 Rf7 33. Nxe7+ Rxe7 34. Rd8+ Kf7 35. Rxb8 Bb3 36. Rdd8 Bxa4 37. f5 g5 38. Rf8+ Kg7 39. Rg8+ Kh7 40. Rh8+ Kg7 41. Rbg8+ Kf7 42. Rg6 Bb3 43. Rhxh6 Nd4 44. Rxf6+ Ke8 45. Rd6 Rxe4 46. g4 Bd5 47. Rdg6 a4 48. Rg7 Kf8 49. f6 Re1+ 50. Kf2 Re2+ 51. Kg1 Re1+ 52. Kf2 Re2+ 53. Kg1 Re1+ 54. Kf2 Re2+ 1/2-1/2

[Event "4NCL Online Division 4"]
[Site "online"]
[Date "2021.11.02"]
[EventDate "2021.11.02"]
[Round "6.41"]
[White "Robins, Andrew"]
[WhiteElo "1772"]
[WhiteTeam "Ashfield Anonymous D"]
[Black "Correa, Edward"]
[BlackElo "1279"]
[BlackTeam "Manchester Juniors C"]
[Result "1-0"]
[PlyCount "51"]

1. e4 c5 2. Nf3 e6 3. d4 cxd4 4. Nxd4 a6 5. Bd3 Bc5 6. Nb3 Qc7 7. Nxc5 Qxc5 8. O-O Nc6 9. a3 Nf6 10. Nc3 b6 11. Be3 Nd4 12. Ne2 e5 13. c3 Nxe2+ 14. Qxe2 Qc7 15. Rad1 Bb7 16. Bg5 Qd8 17. Bc2 h6 18. Bh4 Bc6 19. Rd2 Ra7 20. Rfd1 g5 21. Bg3 Qe7 22. b4 b5 23. f3 Ra8 24. Bf2 Qe6 25. Rd6 Qe7 26. Bc5 1-0

[Event "4NCL Online Division 4"]
[Site "online"]
[Date "2021.11.02"]
[EventDate "2021.11.02"]
[Round "6.43"]
[White "Fraser, Chris"]
[WhiteElo "1562"]
[WhiteTeam "Ashfield Anonymous D"]
[Black "Eccleston, Rowan"]
[BlackElo "1233"]
[BlackTeam "Manchester Juniors C"]
[Result "1-0"]
[PlyCount "81"]

1. e4 e5 2. Nf3 Nc6 3. d4 exd4 4. Bc4 Nf6 5. e5 d5 6. Bb5 Ne4 7. Nxd4 Bc5 8. O-O Bd7 9. Bxc6 bxc6 10. f3 Ng5 11. f4 Ne6 12. c3 f6 13. Be3 O-O 14. b4 Bb6 15. Qe2 c5 16. bxc5 Bxc5 17. Nd2 Qe8 18. a4 Bxd4 19. cxd4 Bxa4 20. Qg4 f5 21. Qg3 Bb5 22. Rfc1 a6 23. Nb3 Qc8 24. Nc5 Ra7 25. Qe1 c6 26. Qa5 Rff7 27. Ra3 g6 28. Rca1 Nxc5 29. dxc5 Qd7 30. Bd4 Qc7 31. Qe1 Qb8 32. e6 Rfb7 33. Be5 Qe8 34. Bd6 Bc4 35. Qe5 Rg7 36. Re3 a5 37. Qf6 a4 38. Rae1 a3 39. e7 a2 40. Qf8+ Qxf8 41. exf8=Q# 1-0

[Event "4NCL Online Division 4"]
[Site "online"]
[Date "2021.11.02"]
[EventDate "2021.11.02"]
[Round "6.44"]
[White "Fung, Marcus"]
[WhiteElo "1091"]
[WhiteTeam "Manchester Juniors C"]
[Black "Pitts, Daniel"]
[BlackElo "1291"]
[BlackTeam "Ashfield Anonymous D"]
[Result "0-1"]
[PlyCount "140"]

1. d4 d5 2. Bf4 Nf6 3. e3 Bf5 4. c3 e6 5. f3 c5 6. g4 Bg6 7. h4 h6 8. h5 Bh7 9. Bd3 cxd4 10. exd4 Nc6 11. Ne2 Be7 12. Bxh7 Nxh7 13. Nd2 Qb6 14. Qc2 Bg5 15. Bxg5 Nxg5 16. b4 a5 17. Kf2 axb4 18. Rab1 Qa5 19. c4 Qxa2 20. Rb2 Qa4 21. Nb3 dxc4 22. Qxc4 O-O 23. Ra1 Qxa1 24. Nxa1 Rxa1 25. Kg3 Ra3 26. Rb3 Na5 27. Qxb4 Rxb3 28. Qxa5 Rxf3+ 29. Kg2 Rb3 30. d5 exd5 31. Qxd5 Rb2 32. Kf1 b5 33. Nc3 b4 34. Na4 Rb1+ 35. Kg2 b3 36. Qd3 Re1 37. Qxb3 Rfe8 38. Nc3 R1e3 39. Qb5 R8e5 40. Qb8+ Kh7 41. Qb1+ g6 42. hxg6+ fxg6 43. Qb7+ Re7 44. Qc6 Nf7 45. Nd5 Re2+ 46. Kg3 R7e6 47. Qd7 Kg7 48. Kf3 Re7 49. Nxe7 Ne5+ 50. Kxe2 Nxd7 51. Kf3 Kf6 52. Nd5+ Kg5 53. Kf2 Kxg4 54. Ne7 g5 55. Ng6 h5 56. Ne7 h4 57. Nd5 Ne5 58. Ne3+ Kf4 59. Ng2+ Kg4 60. Ne3+ Kh3 61. Nf1 g4 62. Kg1 g3 63. Nh2 gxh2+ 64. Kh1 Kg4 65. Kxh2 h3 66. Kh1 Kg3 67. Kg1 Ng4 68. Kh1 Nf2+ 69. Kg1 h2+ 70. Kf1 h1=Q+ 0-1

[Event "4NCL Online Division 4"]
[Site "online"]
[Date "2021.11.02"]
[EventDate "2021.11.02"]
[Round "6.51"]
[White "MacLeod, Alasdair"]
[WhiteElo "1821"]
[WhiteTeam "Deaf England 1"]
[Black "Wilby, Robert G"]
[BlackElo "1675"]
[BlackTeam "Plymouth 2"]
[Result "1/2-1/2"]
[PlyCount "142"]

1. e4 e5 2. Nf3 d6 3. d4 Nd7 4. Bc4 c6 5. O-O Be7 6. dxe5 dxe5 7. Ng5 Nh6 8. Ne6 fxe6 9. Bxh6 Nf6 10. Qxd8+ Bxd8 11. Bxg7 Rg8 12. Bxf6 Bxf6 13. a4 a5 14. Nc3 b6 15. Rad1 Be7 16. Rd3 Bc5 17. Rfd1 Ke7 18. Kf1 Rf8 19. f3 Ra7 20. g3 Rc7 21. Kg2 Bd7 22. g4 Rb7 23. R3d2 Bb4 24. Rd3 Bc5 25. Ne2 b5 26. axb5 cxb5 27. Ba2 b4 28. Bc4 Ba4 29. b3 Bc6 30. Ra1 Ra7 31. Rdd1 Rfa8 32. Ra2 Kf6 33. Kg3 Be7 34. h4 h6 35. Bd3 Rd7 36. Rda1 Rda7 37. h5 Kg5 38. Ng1 Bc5 39. Nh3+ Kf6 40. Rd1 Bd4 41. Ng1 Rg8 42. Ne2 Bb6 43. Bc4 Ke7 44. Raa1 Be8 45. Kh3 Rf8 46. Rf1 Rd7 47. Bd3 Kd8 48. Kg3 Rdf7 49. Rad1 Ke7 50. Bc4 Bc6 51. Nc1 Bc7 52. Kg2 Ra8 53. Nd3 Bd6 54. Nb2 Rg7 55. Rd3 Be8 56. Kh3 Rf7 57. Rfd1 Bc5 58. Na4 Bd4 59. c3 bxc3 60. Nxc3 Bxc3 61. Rxc3 a4 62. bxa4 Rxa4 63. Bf1 Kf6 64. Rd6 Re7 65. Bg2 Bf7 66. Rcc6 Ra3 67. Kg3 Ra1 68. Ra6 Rc1 69. Rac6 Ra1 70. Ra6 Rc1 71. Rac6 Ra1 1/2-1/2

[Event "4NCL Online Division 4"]
[Site "online"]
[Date "2021.11.02"]
[EventDate "2021.11.02"]
[Round "6.52"]
[White "Wood, Paul E"]
[WhiteElo "1579"]
[WhiteTeam "Plymouth 2"]
[Black "Freund, Michael P"]
[BlackElo "1692"]
[BlackTeam "Deaf England 1"]
[Result "0-1"]
[PlyCount "122"]

1. c4 e6 2. Nf3 d5 3. Nc3 c6 4. d4 Nf6 5. Bg5 Nbd7 6. e3 Be7 7. Qc2 O-O 8. Bd3 dxc4 9. Bxc4 Nd5 10. Bxe7 Qxe7 11. a3 Nxc3 12. Qxc3 b6 13. O-O Bb7 14. Bd3 c5 15. Qc2 g6 16. Rac1 Bxf3 17. gxf3 cxd4 18. exd4 Nf6 19. Qd2 Rad8 20. Rc4 Nd5 21. Rfc1 Rd7 22. Qh6 Rfd8 23. Re1 Qf6 24. Re5 Qxf3 25. Be2 Qf4 26. Qh3 Nf6 27. Qc3 Rxd4 28. Rxd4 Qxd4 29. Qg3 Qd6 30. Qg5 Kg7 31. h4 Qd2 32. Qg3 Nd5 33. h5 Qf4 34. Rg5 Qxg3+ 35. Rxg3 Rc8 36. Bb5 Nf6 37. hxg6 hxg6 38. b3 Rc5 39. a4 Kh6 40. Rf3 Rf5 41. Rc3 Rc5 42. Rh3+ Kg5 43. Rh8 Rc7 44. Rf8 Nd5 45. Rh8 Kf6 46. Rh3 Nf4 47. Rf3 g5 48. Kh2 Ke7 49. Kg3 f6 50. Kg4 Rc1 51. Re3 Rc5 52. Bc4 Kf7 53. f3 Nd5 54. Re1 Nf4 55. Rd1 Ke7 56. Rh1 Rc7 57. Rh7+ Kd6 58. Rh6 Ke5 59. Rh3 Nxh3 60. Kxh3 f5 61. Kg3 Rxc4 0-1

[Event "4NCL Online Division 4"]
[Site "online"]
[Date "2021.11.02"]
[EventDate "2021.11.02"]
[Round "6.53"]
[White "Dwek, Ilan G"]
[WhiteElo "1664"]
[WhiteTeam "Deaf England 1"]
[Black "Tatam, Anthony"]
[BlackElo "1572"]
[BlackTeam "Plymouth 2"]
[Result "1/2-1/2"]
[PlyCount "73"]

1. e4 e5 2. Nf3 Nc6 3. Bb5 d6 4. d4 exd4 5. Nxd4 Bd7 6. Nxc6 bxc6 7. Bd3 Nf6 8. O-O g6 9. b3 Bg7 10. Bb2 O-O 11. Nd2 Re8 12. h3 Nxe4 13. Bxg7 Nxd2 14. Qxd2 Kxg7 15. Rad1 Kg8 16. Be2 Qf6 17. Bf3 Re7 18. Qa5 Be8 19. Qa6 Qf5 20. Bxc6 Bxc6 21. Qxc6 Rae8 22. c4 Qc8 23. Rd2 Qb8 24. Rfd1 Re1+ 25. Rxe1 Rxe1+ 26. Kh2 Re8 27. g3 Re6 28. Kg2 Qb6 29. Qxb6 axb6 30. f4 f5 31. Kf3 Kf7 32. Re2 Rxe2 33. Kxe2 Ke6 34. Kd3 c5 35. h4 h6 36. Ke3 h5 37. Kd3 1/2-1/2

[Event "4NCL Online Division 4"]
[Site "online"]
[Date "2021.11.02"]
[EventDate "2021.11.02"]
[Round "6.54"]
[White "Caleshu, Caleb"]
[WhiteElo "1521"]
[WhiteTeam "Plymouth 2"]
[Black "Marchant-Winsor, Jordan"]
[BlackElo "1503"]
[BlackTeam "Deaf England 1"]
[Result "1/2-1/2"]
[PlyCount "149"]

1. d4 Nf6 2. c4 e6 3. Nf3 d5 4. g3 Be7 5. Bg2 O-O 6. O-O c6 7. Qc2 b6 8. b3 Bb7 9. Nc3 Nbd7 10. e4 dxe4 11. Nxe4 c5 12. Nxf6+ Nxf6 13. Bb2 cxd4 14. Nxd4 Bxg2 15. Kxg2 Rc8 16. Rad1 Qc7 17. Qe2 Rfd8 18. Nb5 Qc6+ 19. Kg1 Qb7 20. Bxf6 gxf6 21. Rd4 f5 22. Rfd1 Rxd4 23. Nxd4 Kg7 24. Qe5+ Bf6 25. Qe2 Rc5 26. Nf3 b5 27. cxb5 Qxb5 28. Qxb5 Rxb5 29. Kg2 a6 30. Rc1 Ra5 31. Rc2 Kg6 32. Nd2 Rd5 33. Nc4 Bg5 34. h4 Bd8 35. Ne3 Rd4 36. Rc6 a5 37. Nc4 f4 38. Rc5 f5 39. Nxa5 Rd2 40. Nc4 Rxa2 41. gxf4 Bxh4 42. Ne5+ Kf6 43. Nd3 Ke7 44. Rc7+ Kd6 45. Rxh7 Rd2 46. Rxh4 Rxd3 47. Rh3 Rd4 48. Rf3 Kc5 49. Kg3 Rb4 50. Kh4 Kd6 51. Kg5 Rd4 52. Re3 Ke7 53. Rf3 Rb4 54. Kh4 Re4 55. Kg3 Re2 56. Re3 Rb2 57. Kf3 Rc2 58. Rd3 Rc8 59. Ke3 Rb8 60. Kd2 Rb4 61. Rf3 Rd4+ 62. Kc3 Re4 63. b4 Kd6 64. Rd3+ Kc6 65. Rd4 Re1 66. Kd2 Rh1 67. Rd3 Kb5 68. Rb3 Rh4 69. Ke3 Rh3+ 70. f3 Rh2 71. Kd4 Re2 72. Re3 Rxe3 73. Kxe3 Kc4 74. b5 Kxb5 75. Kd3 1/2-1/2

[Event "4NCL Online Division 4"]
[Site "online"]
[Date "2021.11.02"]
[EventDate "2021.11.02"]
[Round "6.61"]
[White "Bray, David"]
[WhiteElo "2005"]
[WhiteTeam "Braunstone 1"]
[Black "Morgan, Jamie"]
[BlackElo "1754"]
[BlackTeam "Camborne Pendarves"]
[Result "1-0"]
[PlyCount "77"]

1. Nf3 c5 2. c4 Nc6 3. Nc3 Nf6 4. d4 cxd4 5. Nxd4 e6 6. g3 Qb6 7. Nb3 Ne5 8. e4 Bb4 9. Qe2 d6 10. f4 Nc6 11. Bd2 O-O 12. Bg2 e5 13. f5 Bd7 14. g4 Nd4 15. Nxd4 exd4 16. Nd5 Nxd5 17. cxd5 Bb5 18. Qf2 Bxd2+ 19. Qxd2 Rac8 20. a4 d3 21. Qf2 Qa6 22. O-O Rc2 23. axb5 Rxf2 24. bxa6 Rxb2 25. Rf2 Rxf2 26. Kxf2 bxa6 27. Ke3 Rb8 28. Kxd3 Kf8 29. Rxa6 Rb2 30. Bf3 Rxh2 31. Rxd6 Ra2 32. Rc6 Ra3+ 33. Rc3 Ra1 34. e5 Rf1 35. Be2 Rf4 36. Ra3 h5 37. Ke3 Rb4 38. gxh5 Rb5 39. Bxb5 1-0

[Event "4NCL Online Division 4"]
[Site "online"]
[Date "2021.11.02"]
[EventDate "2021.11.02"]
[Round "6.62"]
[White "Pope, Martin"]
[WhiteElo "1658"]
[WhiteTeam "Camborne Pendarves"]
[Black "Tang, Julian"]
[BlackElo "1772"]
[BlackTeam "Braunstone 1"]
[Result "0-1"]
[PlyCount "35"]

1. c4 e5 2. Nc3 Nf6 3. g3 c6 4. d4 Bd6 5. Nf3 exd4 6. Qxd4 Qe7 7. Bg5 Na6 8. Bg2 Bc5 9. Qd2 h6 10. Bxf6 Qxf6 11. a3 O-O 12. O-O d6 13. Rad1 Rd8 14. Ne4 Qe7 15. Nxc5 Nxc5 16. b4 Ne4 17. Qc2 Bf5 18. Ne1 0-1

[Event "4NCL Online Division 4"]
[Site "online"]
[Date "2021.11.02"]
[EventDate "2021.11.02"]
[Round "6.63"]
[White "Pyun, Lindsay"]
[WhiteElo "1753"]
[WhiteTeam "Braunstone 1"]
[Black "Macphail, Kieran"]
[BlackElo "1675"]
[BlackTeam "Camborne Pendarves"]
[Result "0-1"]
[PlyCount "186"]

1. e4 c5 2. Nf3 Nc6 3. d4 cxd4 4. Nxd4 Nf6 5. Nc3 e5 6. Ndb5 d6 7. Bg5 a6 8. Na3 b5 9. Nd5 Be7 10. Nxe7 Nxe7 11. f3 d5 12. exd5 Nexd5 13. c4 Nb4 14. Qxd8+ Kxd8 15. cxb5 axb5 16. Rd1+ Ke7 17. Bxb5 h6 18. Bh4 Be6 19. Bf2 Rhc8 20. O-O Nfd5 21. Rc1 Rcb8 22. Bc4 Nc6 23. Rfd1 Nf4 24. Rd2 Bxc4 25. Rxc4 Nd8 26. Bc5+ Kf6 27. Bd6 Rc8 28. Rdc2 Rxc4 29. Nxc4 Ng6 30. a3 Ne6 31. Re2 Nd4 32. Bxe5+ Nxe5 33. Rxe5 Rc8 34. Re4 Rxc4 35. Kf2 Rc2+ 36. Kg3 Nf5+ 37. Kh3 Rxb2 38. Rf4 g5 39. Rc4 Nd6 40. Rc6 Ke7 41. Rc7+ Ke6 42. a4 Ra2 43. Ra7 Kf5 44. Ra6 Nc4 45. Rxh6 Rxa4 46. g4+ Ke5 47. Kg3 Ne3 48. Rb6 Ra2 49. Rb5+ Nd5 50. h4 f6 51. h5 Ra1 52. Rb2 Rg1+ 53. Kf2 Rh1 54. Kg2 Ra1 55. Re2+ Kd6 56. Kg3 Nf4 57. Rh2 Rg1+ 58. Kf2 Ra1 59. Kg3 Ke7 60. h6 Ra8 61. Rb2 Kf7 62. Rb7+ Kg6 63. Rb6 Rh8 64. Rb7 Rxh6 65. Rb6 Rh7 66. Rb5 Re7 67. Rb2 Re2 68. Rxe2 Nxe2+ 69. Kf2 Nf4 70. Ke3 Kf7 71. Kd4 Ke6 72. Ke4 Ng2 73. Kd4 f5 74. gxf5+ Kxf5 75. Kd3 Kf4 76. Ke2 Nh4 77. Kf2 Nxf3 78. Kg2 g4 79. Kf2 Nh4 80. Kg1 Kg3 81. Kf1 Kh2 82. Kf2 g3+ 83. Ke3 g2 84. Kd2 g1=Q 85. Kd3 Qe1 86. Kd4 Kg3 87. Kd3 Kf4 88. Kc2 Qe3 89. Kb2 Qd3 90. Ka2 Qb5 91. Ka3 Nf3 92. Ka2 Nd2 93. Ka3 Qb3# 0-1

[Event "4NCL Online Division 4"]
[Site "online"]
[Date "2021.11.02"]
[EventDate "2021.11.02"]
[Round "6.64"]
[White "Kostadinov, Boris K"]
[WhiteElo "1635"]
[WhiteTeam "Camborne Pendarves"]
[Black "Mehta, Sophie"]
[BlackElo "1344"]
[BlackTeam "Braunstone 1"]
[Result "0-1"]
[PlyCount "118"]

1. d4 Nf6 2. c4 e5 3. dxe5 Ng4 4. Nf3 Nc6 5. Bf4 Bb4+ 6. Nc3 Qe7 7. e3 Bxc3+ 8. bxc3 Ncxe5 9. Be2 d6 10. O-O Nxf3+ 11. Bxf3 Ne5 12. Bd5 c6 13. Bxe5 dxe5 14. Be4 O-O 15. Rb1 Be6 16. Qh5 g6 17. Qxe5 Qa3 18. Rxb7 Qxa2 19. Bxc6 Bxc4 20. Re7 Bxf1 21. Bxa8 Bd3 22. h4 Rxa8 23. Re8+ Rxe8 24. Qxe8+ Kg7 25. Qe5+ f6 26. Qd4 Bf5 27. e4 Qb1+ 28. Kh2 Qxe4 29. Qxa7+ Kf8 30. Qb8+ Qe8 31. Qb4+ Kf7 32. g4 Qe5+ 33. Kg1 Qe1+ 34. Kg2 Be4+ 35. Kg3 Ba8 36. Qc4+ Qe6 37. Qc7+ Kf8 38. Qd8+ Qe8 39. Qxf6+ Qf7 40. Qd8+ Qe8 41. Qf6+ Kg8 42. h5 Qb8+ 43. f4 Qe8 44. hxg6 Qe1+ 45. Kh3 Qh1+ 46. Kg3 Qf3+ 47. Kh4 Qf2+ 48. Kg5 Qc5+ 49. f5 Qe3+ 50. Kh5 Qh3+ 51. Kg5 h6+ 52. Kf4 Qf3+ 53. Ke5 Qxc3+ 54. Ke6 Bd5+ 55. Ke7 Qc7+ 56. Ke8 Bc6+ 57. Qxc6 Qxc6+ 58. Ke7 Qe4+ 59. Kd6 Qxg4 0-1

[Event "4NCL Online Division 4"]
[Site "online"]
[Date "2021.11.02"]
[EventDate "2021.11.02"]
[Round "6.71"]
[White "Soulier, Alfred"]
[WhiteElo "1698"]
[WhiteTeam "KCS U13A"]
[Black "Siddle, Michael"]
[BlackElo "1395"]
[BlackTeam "Bishop Knights"]
[Result "1-0"]
[PlyCount "83"]

1. d4 Nf6 2. Nc3 b6 3. e4 Bb7 4. e5 Nd5 5. Nxd5 Bxd5 6. c4 Bb7 7. Nf3 e6 8. Be2 Be7 9. O-O d6 10. Be3 Nd7 11. Qc2 f5 12. Rad1 d5 13. Rc1 O-O 14. cxd5 Bxd5 15. Qxc7 Qxc7 16. Rxc7 Rfd8 17. b3 a6 18. Bc4 Bxc4 19. Rxc4 Rac8 20. Rfc1 Rxc4 21. Rxc4 Nc5 22. Kf1 b5 23. Rxc5 Bxc5 24. dxc5 Rc8 25. Ke2 Kf7 26. Kd3 h6 27. h4 Ke7 28. Kc3 Rc6 29. Kb4 Kd7 30. Nd4 Rc8 31. c6+ Ke7 32. Ka5 Ra8 33. Kb6 b4 34. Kb7 Rf8 35. c7 f4 36. Nc6+ Kd7 37. Bb6 Rc8 38. Na7 f3 39. Nxc8 fxg2 40. Nd6 g1=Q 41. c8=Q+ Ke7 42. Qe8# 1-0